000 00646nam a22001457a 4500
020 _a978-1-4169-9074-1
082 _a823
_bKEE/N
100 _aKEENE, CAROLYN
245 _aNANCY DREW DIARIES - ONCE UPON A THRILLER
260 _aNEW YORK
_bALADDIN PAPERBACKS
_c2013
300 _a135
520 _aA rash of crimes in a neighboring town—a blazing fire at a bookstore, a boat that sinks in the harbor, and a valuable dog's dognapping—are eerily similar to the plots from famous mystery writer Lacey O'Brien's popular books. So who's behind the crimes? Could it be Lacey looking for publicity?
650 _aMYSTERY
_zUNITED STATES
942 _cBK
999 _c7880
_d7880